Flaggen Ozeaniens (beliebige Reihenfolge) - Statistiken

Allgemein
  • Dieses Quiz wurde 21 mal gespielt
  • Das Durchschnittsergebnis liegt bei 12 aus 14
Antwortstatistiken
Bildquiz Antwort % Korrekt
Australien
100%
Neuseeland
100%
Papua-Neuguinea
95%
Fidschi
84%
Kiribati
84%
Samoa
84%
Palau
79%
Tonga
79%
Tuvalu
79%
Marshallinseln
74%
Mikronesien
74%
Nauru
74%
Salomonen
74%
Vanuatu
74%
Keine übereinstimmenden Quizze gefunden
Verteilung der Resultate
Anzahl Personen mit jedem Resultat
Perzentil nach korrekt beantworteten Fragen
Ihre Resultats-Entwicklung
Sie haben dieses Quiz noch nicht gespielt